Butlletí dels museus d'art de Barcelona

ISBN: 0211-724X
Publicat: Barcelona : Junta de Museus de Barcelona , 1937
Descripció física: 9 vols. enquadernats ; 25 cm. ; il. b/n ; periodicitat: mensual

MARC

LEADER 00000nas a2200000 a 4500
001 6293-6298, 9187, 29250, 29251
003 Arxiu
005 20260324181507.0
008 160829s9999 xx 000 0 cat d
020 |a 0211-724X 
245 |a Butlletí dels museus d'art de Barcelona 
250 |a 2a edició 
260 |a Barcelona :  |b Junta de Museus de Barcelona ;   |c 1931 - [1937] 
300 |a 9 vols. enquadernats ;   |c 25 cm. ;   |b il. b/n ; periodicitat: mensual 
310 |a Mensual 
362 |a Vol. 1, núm. 1 (juny 1931)- 
500 |a A partir de l'any 1937 la menció de responsabilitat varia: Generalitat de Catalunya, Comissaria General de Museus.  
650 |a Museus d'art  |x Barcelona  |x Revistes   |9 29964 
650 |a Art  |x Revistes  |9 47190 
655 |a Revistes  |9 55823 
700 |a Catalunya. Comissaria General de Museus  |9 29966 
710 2 |a Junta de Museus de Barcelona  |9 54561 
785 0 0 |t Anales y boletín de los museos de arte de Barcelona 
856 |u https://arca.bnc.cat/arcabib_pro/ca/consulta/registro.do?id=2397  |y Accés lliure (ARCA) 
866 |a Núm. 1 (juny 1931) - Núm. 78 (novembre 1937) 
901 |a Arxiu 
942 |n 1  |2 udc  |c REV 
952 |0 0  |1 0  |2 udc  |4 0  |6 REV162  |7 1  |9 45190  |a Arxiu  |b Arxiu  |d 2016-12-01  |h Núm. 1 (juny 1931) - Núm. 7 (desembre 1931)  |o Rev-162  |p 6293  |r 2016-12-01 00:00:00  |w 2016-12-01  |y ARXIU 
952 |0 0  |1 0  |2 udc  |4 0  |6 REV163  |7 1  |9 63349  |a Arxiu  |b Arxiu  |d 2022-08-09  |h Núm. 8 (gener 1932) - Núm. 19 (desembre 1932)  |l 0  |o Rev-163  |p 6294  |r 2022-08-09 00:00:00  |w 2022-08-09  |y ARXIU 
952 |0 0  |1 0  |2 udc  |4 0  |6 REV164  |7 1  |9 63350  |a Arxiu  |b Arxiu  |d 2022-08-09  |h Núm. 20 (gener 1933) - Núm. 31 (desembre 1933)  |l 0  |o Rev-164  |p 6295  |r 2022-08-09 00:00:00  |w 2022-08-09  |y ARXIU 
952 |0 0  |1 0  |2 udc  |4 0  |6 REV165  |7 1  |9 63351  |a Arxiu  |b Arxiu  |d 2022-08-09  |h Núm. 32 (gener 1934) - Núm. 43 (desembre 1934)  |l 0  |o Rev-165  |p 6296  |r 2022-08-09 00:00:00  |w 2022-08-09  |y ARXIU 
952 |0 0  |1 0  |2 udc  |4 0  |6 REV166  |7 1  |9 63352  |a Arxiu  |b Arxiu  |d 2022-08-09  |h Núm. 44 (gener 1935) - Núm. 55 (desembre 1935)  |l 0  |o Rev-166  |p 6297  |r 2022-08-09 00:00:00  |w 2022-08-09  |y ARXIU 
952 |0 0  |1 0  |2 udc  |4 0  |6 REV167  |7 1  |9 63353  |a Arxiu  |b Arxiu  |d 2022-08-09  |h Núm. 56 (gener 1936) - 67 (desembre 1936)  |l 0  |o Rev-167  |p 6298  |r 2022-08-09 00:00:00  |w 2022-08-09  |y ARXIU 
952 |0 0  |1 0  |2 udc  |4 0  |6 REV168  |7 1  |9 63354  |a Arxiu  |b Arxiu  |d 2022-08-09  |h Núm. 68 (gener 1937) - Núm. 78 (novembre 1937)  |l 0  |o Rev-168  |p 9187  |r 2022-08-09 00:00:00  |w 2022-08-09  |y ARXIU 
952 |0 0  |1 0  |2 udc  |4 0  |6 F504381  |7 1  |9 98979  |a Arxiu  |b Arxiu  |d 2026-01-19  |h Núm. 64 (setembre 1936)  |l 0  |o F-504-381  |p 29250  |r 2026-01-19 13:16:00  |w 2026-01-19  |y ARXIU  |z Prové del fons Joan Junyer i Pascual (1909-1994) 
952 |0 0  |1 0  |2 udc  |4 0  |6 F504382  |7 1  |9 98980  |a Arxiu  |b Arxiu  |d 2026-01-19  |h Núm. 64 (octubre 1936)  |l 0  |o F-504-382  |p 29251  |r 2026-01-19 13:28:26  |w 2026-01-19  |y ARXIU  |z Prové del fons Joan Junyer i Pascual (1909-1994)  |x Moltes il·lustracions pintades amb llapis de color vermell 
999 |c 48262  |d 48262